| 000 | 00567nam a2200217Ia 4500 | ||
|---|---|---|---|
| 001 | 2654 | ||
| 003 | GE_BSU | ||
| 008 | 181216s||||||||xx |||||||||||||| ||und|| | ||
| 020 | _a5472012880 | ||
| 040 | _cGE_BSU | ||
| 080 | _a342.4(075.8) | ||
| 245 | _aКонституционное право | ||
| 245 | _bОтветы на экзаменационные вопросы | ||
| 260 | _aМосква | ||
| 260 | _bЭкзамен | ||
| 260 | _c2006 | ||
| 300 | _a224стр. | ||
| 541 | _h5л. | ||
| 653 | _aКонституционное право | ||
| 942 | _cBK | ||
| 999 |
_c36722 _d36722 |
||